000 00622nam a2200217Ia 4500
001 69217
008 151103s9999||||xx |||||||||||||| ||und||
020 _a9781292025668
040 _cPK-LaUMT
082 _a 510
_bBAR-C
100 _aBarnett, Raymond A.
245 _aCollege mathematics
_bfor business, economics, life sciences, and social sciences
_cBarnett, Raymond A.|Ziegler, Michael R.|Byleen, Karl E.
250 _a13th
260 _aBoston,USA:
_bPearson,
_c2015
300 _a1040 p.
546 _aEN
650 _aMathematics
700 _aByleen, Karl E.
700 _aZiegler, Michael R.
942 _cBK
999 _c78230
_d78230